000 00592nam a2200229Ia 4500
003 OSt
005 20221005130750.0
006 a|||||r|||| 00| 0
007 ta
008 221004b |||||||| |||| 00| 0 kan d
024 _a59644
037 _cTextual
040 _aCRL
_cCRL
_bkan
041 _2kan
_akan
082 _aO33vN5, K0
100 _aBhat M. Mariappa Au.
_9576587
245 0 _aSamkshipta kannada sahitya charitre
260 _c1960
650 _aKANNAD LITERATURE
942 _hO33vN5, K0
_cTEXL
_2cc
999 _c1058347
_d1058347